Statistics for 2085 Lyrics - AJR

Click here to take the quiz!

General Stats

  • This quiz has been taken 40 times
    (35 since last reset)
  • The average score is 306 of 417

Answer Stats

Answer% Correct
a
100%
I
100%
me
100%
who
100%
so
94%
So
94%
at
89%
die
89%
For
89%
for
89%
I'd
89%
If
89%
if
89%
my
89%
somebody
89%
the
89%
To
89%
to
89%
told
89%
would
89%
do
83%
forty
83%
have
83%
spent
83%
2085
78%
and
78%
And
78%
as
78%
be
78%
'Cause
78%
Don't
78%
don't
78%
It
78%
it
78%
It's
78%
it's
78%
old
78%
shit
78%
time
78%
were
78%
we're
78%
you
78%
You
78%
all
72%
bed
72%
been
72%
by
72%
different
72%
'fore
72%
get
72%
grown
72%
had
72%
hate
72%
head
72%
hell
72%
her
72%
Hey
72%
How
72%
in
72%
instead
72%
just
72%
kissed
72%
know
72%
life
72%
long
72%
no
72%
not
72%
Now
72%
now
72%
of
72%
out
72%
right
72%
should've
72%
that
72%
That
72%
this
72%
together
72%
Together
72%
up
72%
up?
72%
what
72%
Whatever
72%
whatever
72%
am
67%
are
67%
asked
67%
could
67%
did
67%
Did
67%
go
67%
got
67%
growin'
67%
help
67%
I'll
67%
"I'm
67%
I'm
67%
interns
67%
is
67%
I've
67%
like
67%
longer
67%
make
67%
or
67%
screw
67%
songs
67%
town?
67%
when
67%
wonder
67%
your
67%
you're
67%
best
61%
better
61%
cry
61%
doin'
61%
dumb
61%
felt
61%
fine"
61%
finish
61%
forever
61%
friends
61%
gettin'
61%
give
61%
gotta
61%
hard
61%
hide
61%
leave
61%
let
61%
liked
61%
only
61%
proud?
61%
see
61%
smile
61%
speak
61%
take
61%
that's
61%
them
61%
then
61%
too
61%
try
61%
warm
61%
was
61%
whoever
61%
whole
61%
wish
61%
with
61%
work
61%
would've
61%
Writin'
61%
yourself"
61%
can
56%
'em
56%
fan
56%
figure
56%
grandson
56%
here
56%
his
56%
late
56%
loud
56%
made
56%
makes
56%
Maybe
56%
maybe
56%
more
56%
never
56%
one
56%
Sing
56%
sometimes
56%
tell
56%
there
56%
think
56%
tryna
56%
you'll
56%
big
50%
didn't
50%
house
50%
looks
50%
mean
50%
minutes
50%
nothin'
50%
our
50%
rest
50%
runnin'
50%
somethin'
50%
stone
50%
three
50%
turned
50%
twenty
50%
two
50%
wouldn't've
50%
ya
50%
Yeah
50%
gone
44%
But
22%

Score Distribution

Percentile by Number Answered

Percent of People with Each Score

Your Score History

You have not taken this quiz since the last reset